แสดงรายละเอียดบรรณานุกรม
  กลับหน้าหลัก

Brief Record : Get Marc (ISO 2709) : E-mail record : QR code ปิดหน้าต่าง
E-books : เกี่ยวกับ Collections
LEADER 00000nam 2200000uu 4500
001    212098
003     ULIBM
008    020711s2560 th a 000 0 tha d
020    9786164440050
041    ^atha^beng
050  4 BF637.S4 อ915M 2560
100    เอลรอด, ฮัล
245    Miracle morning ทุกสิ่งในชีวิตจะดีขึ้น เมื่อตื่นเช้า : เคล็ด (ไม่) ลับ ที่เปลี่ยนแปลงชีวิตคุณได้...(ก่อน 8 โมงเช้า)/^cเขียนโดย Hal Elrod ;แปลและเรียบเรียงโดย เสรี อู่ธาราสวัสดิ์ ;บรรณาธิการ สมชัย เบญจมิตร
246 31 ^aThe miracle morning : the not-so-obvious secret guaranteed to transform your life (before 8 am)
260    กรุงเทพฯ :^bบี มีเดีย กรุ๊ป (ประเทศไทย) จำกัด,^c2560
300    224 หน้า ;^c21 ซม.
650  4 การพัฒนาตนเอง
650  4 ^aการเปลี่ยนแปลง (จิตวิทยา)
650  4 ^aการดำเนินชีวิต
700 0  ^aElrod, Hal
700 0  ^aเสรี อู่ธาราสวัสดิ์,^eผู้แปล
700 0  ^aสมชัย เบญจมิตร,^eบรรณาธิการ
856    ^zทุกสิ่งในชีวิตจะดีขึ้นฯ.pdf (สารบัญหนังสือ)^uhttp://library.bcnkk.ac.th/ULIB62015//_fulltext/5/212098/20180627073009_2592.pdf
999    ^aใช้งานได้ทุกระบบ
รายการนี้ยังไม่มีแท็ก
คุณยังไม่ได้ล็อกอิน คุณสามารถมีกิจกรรมร่วมกับเว็บไซต์ได้ แต่ต้องล็อกอินก่อน ::
  ล็อกอิน
ลำดับที่ ประเภท เลขเรียก สถานที่ สถานะ
1. หนังสือทั่วไป
หนังสือทั่วไป
BF637.S4 อ915M 2560 ฉ.1 
  
หนังสือทั่วไป On Shelf
  ขอยืม
Note:จัดซื้อปีงบประมาณ 2561
2. หนังสือทั่วไป
หนังสือทั่วไป
BF637.S4 อ915M 2560 ฉ.2 
  
หนังสือทั่วไป On Shelf
  ขอยืม
Note:จัดซื้อปีงบประมาณ 2561
   [แสดง 2/2 รายการ]

รายการใกล้เคียง
    หัวเรื่อง [การพัฒนาตนเอง]
    หัวเรื่อง [การดำเนินชีวิต]

BibComment


ยังไม่เคยถูกคอมเมนท์

คอมเมนท์ทรัพยากรรายการนี้
  คอมเมนท์: Miracle morning ท..
Bib 212098

 
 
 

 Union Library Management : ULibM
Copyright 2026. All Rights Reserved.
скачать бесплатно без регистрации порно красивый секс HD Sex Hindi sex

xxx gou

xxxx

bfxxx

xxxwww

Секса Видео

xxxx

Секса Видео

detube

geilexxx

C99 Shell

worms shell

blod xxx video
Ebony Coed Rihanna Rimes Takes A Dick In Her Young Twat priyaa indian fuck anal and pusssy hardcore indian women xxx desi hardcore fucking part 1 bengalixxxcouple